00537nam a2200181Ia 450000500170000000800410001702000150005808200160007310000170008924500400010626000400014630000160018665000200020265000140022294200060023695200980024299900150034020250701154657.0240331s9999 xx 000 0 und d a9559642006 a398.27bSUR aSurasena,A.G 0aPawranika janapravada ha janasruthi aTalawathugodabD.C.Gunasekarac1999 av, 105 p ., aAncient Legends aFolktales cL 001040708LaWERCLbWERCLcSSCd2024-03-31l0o 398.27 SURp4368r2024-03-31w2024-03-31yL c1202d1202